[Event "Titled Tuesday intern op 12th Mar Late"]
[Site "Chess.com INT"]
[Date "2024.03.12"]
[Round "8"]
[White "Blanco Diez, David"]
[Black "Jiganchine, Roman"]
[Result "1-0"]
[WhiteElo "2310"]
[BlackElo "2205"]
[PlyCount "119"]
[EventDate "2024.03.12"]
[EventType "swiss (blitz)"]
[EventRounds "11"]
[EventCountry "USA"]
[SourceTitle "CB12_2024"]
[SourceDate "2023.10.01"]
[SourceVersion "1"]
[SourceVersionDate "2023.10.01"]
[SourceQuality "1"]

1. Nf3 d5 2. b3 Nf6 3. Bb2 Bf5 4. e3 e6 5. d4 Be7 6. Bd3 0-0 7. 0-0 c6 8. c4 a5 9. Nc3 Nbd7 10. Bxf5 exf5 11. Qd3 g6 12. Rac1 Qb6 13. Ne5 Rfd8 14. Nf3 Qa6 15. Rfd1 Ne4 16. cxd5 Nxc3 17. Qxa6 Rxa6 18. Rxc3 cxd5 19. Rc7 Rc6 20. Rc1 Rxc1+ 21. Bxc1 Bd6 22. Rxb7 Rc8 23. Bd2 Nf6 24. Bxa5 Ne4 25. Be1 Rc1 26. Kf1 f4 27. Rb5 fxe3 28. fxe3 Ra1 29. a4 g5 30. Rxd5 g4 31. Ng5 Bb4 32. Nxe4 Bxe1 33. Nf6+ Kg7 34. Nxg4 Bg3+ 35. Ke2 Ra2+ 36. Kf3 Be1 37. Rg5+ Kf8 38. Rb5 h5 39. Ne5 Rf2+ 40. Ke4 h4 41. Rb7 Bc3 42. h3 Rxg2 43. Rxf7+ Kg8 44. Rf4 Be1 45. Rg4+ Rxg4+ 46. Nxg4 Kf7 47. Kd5 Kg6 48. e4 Kg5 49. e5 Kf4 50. e6 Bb4 51. Ne5 Kg3 52. Ng6 Kxh3 53. Nxh4 Kxh4 54. Kc6 Kg5 55. Kd7 Kf6 56. d5 Ba3 57. a5 Ke5 58. a6 Kxd5 59. a7 Bc5 60. a8Q+ 1-0

[Event "Titled Tuesday intern op 12th Mar Late"]
[Site "Chess.com INT"]
[Date "2024.03.12"]
[Round "6"]
[White "Jiganchine, Roman"]
[Black "Ezat, Mohamed Mahmoud"]
[Result "1/2-1/2"]
[WhiteElo "2205"]
[BlackElo "2349"]
[PlyCount "184"]
[EventDate "2024.03.12"]
[EventType "swiss (blitz)"]
[EventRounds "11"]
[EventCountry "USA"]
[SourceTitle "CB12_2024"]
[SourceDate "2023.10.01"]
[SourceVersion "1"]
[SourceVersionDate "2023.10.01"]
[SourceQuality "1"]

1. Nf3 Nf6 2. c4 c5 3. e3 d5 4. d4 cxd4 5. exd4 Nc6 6. cxd5 Nxd5 7. Nc3 Bg4 8. Qb3 Bxf3 9. gxf3 Nb6 10. d5 Nd4 11. Bb5+ Nd7 12. Qa4 Nxb5 13. Qxb5 g6 14. 0-0 Bg7 15. Re1 0-0 16. Bg5 Re8 17. Re3 h6 18. Bh4 Nf6 19. Rae1 b6 20. Bg3 Rc8 21. Qa6 Qd7 22. a4 Nh5 23. d6 exd6 24. Rxe8+ Rxe8 25. Rxe8+ Qxe8 26. Qxa7 Bd4 27. Kg2 f5 28. Qb7 Qe6 29. Qd5 Qxd5 30. Nxd5 Nxg3 31. hxg3 Kf7 32. b3 Ke6 33. Nc7+ Kd7 34. Nb5 Bb2 35. f4 Kc6 36. Kf3 Kc5 37. Ke3 d5 38. Kd3 Bf6 39. f3 Bb2 40. Kc2 Bg7 41. Kd3 Bf8 42. Kc3 Be7 43. Kd3 Bd8 44. Kc3 Bf6+ 45. Kd3 Bb2 46. Kc2 Ba1 47. Kb1 Bd4 48. Kc2 Bf2 49. g4 Be3 50. Nc7 Kd6 51. Nb5+ Kd7 52. Nc3 Kc6 53. Ne2 Bf2 54. Kd3 Kc5 55. Kc3 Be1+ 56. Kd3 fxg4 57. fxg4 h5 58. gxh5 gxh5 59. f5 Bh4 60. Nf4 Bf6 61. Nxh5 Be5 62. f6 Kb4 63. f7 Bd6 64. Kc2 d4 65. Nf4 Bf8 66. Ne6 d3+ 67. Kxd3 Bd6 68. Kc2 b5 69. f8Q Bxf8 70. axb5 Bd6 71. b6 Kb5 72. b7 Kb6 73. Kc3 Kxb7 74. Kc4 Kc6 75. Nd4+ Kb6 76. Nf5 Bf8 77. Ne3 Ba3 78. Nd5+ Ka5 79. Kc3 Bd6 80. Kc4 Ka6 81. Nc3 Kb6 82. Ne4 Bf8 83. Nf6 Kc6 84. Nd5 Bd6 85. Nc3 Bf8 86. Nb5 Be7 87. Nd4+ Kb6 88. Nf5 Bf8 89. Ng3 Be7 90. Ne4 Bf8 91. Nc3 Ba3 92. b4 Bxb4 1/2-1/2

[Event "Titled Tuesday intern op 12th Mar Late"]
[Site "Chess.com INT"]
[Date "2024.03.12"]
[Round "2"]
[White "Jiganchine, Roman"]
[Black "Jegorovas, Aleksandras"]
[Result "0-1"]
[WhiteElo "2205"]
[BlackElo "2270"]
[PlyCount "94"]
[EventDate "2024.03.12"]
[EventType "swiss (blitz)"]
[EventRounds "11"]
[EventCountry "USA"]
[SourceTitle "CB12_2024"]
[SourceDate "2023.10.01"]
[SourceVersion "1"]
[SourceVersionDate "2023.10.01"]
[SourceQuality "1"]

1. e4 c6 2. d4 d5 3. exd5 cxd5 4. Nf3 Nc6 5. c4 Nf6 6. cxd5 Nxd5 7. Nc3 a6 8. Bc4 Be6 9. Ng5 Nxc3 10. Nxe6 Nxd1 11. Nxd8 Rxd8 12. d5 Ne5 13. Bb3 Nxb2 14. Bxb2 Nd3+ 15. Kd2 Nxb2 16. Kc2 g6 17. Rab1 Bg7 18. h4 0-0 19. Rxb2 Bxb2 20. Kxb2 e6 21. dxe6 fxe6 22. Bxe6+ Kg7 23. f3 Rd2+ 24. Kb3 Rxg2 25. Bd5 b5 26. h5 Rd8 27. Be4 Rdd2 28. hxg6 hxg6 29. Rc1 Rb2+ 30. Kc3 Rxa2 31. Kd4 Rgd2+ 32. Ke5 Rd7 33. Rc6 Re7+ 34. Kf4 Rxe4+ 35. fxe4 b4 36. Rb6 a5 37. e5 Kf7 38. Rf6+ Ke7 39. Rxg6 b3 40. Rb6 a4 41. Kf5 Rf2+ 42. Ke4 b2 43. Kd5 Rd2+ 44. Ke4 a3 45. Rb7+ Kd8 46. Kf5 a2 47. Ke6 b1Q 0-1

[Event "Titled Tuesday intern op 27th Feb Late"]
[Site "Chess.com INT"]
[Date "2024.02.27"]
[Round "8"]
[White "Jiganchine, Roman"]
[Black "Ghosh, Chanchal Kumer"]
[Result "0-1"]
[WhiteElo "2205"]
[BlackElo "2026"]
[PlyCount "96"]
[EventDate "2024.02.27"]
[EventType "swiss (blitz)"]
[EventRounds "11"]
[EventCountry "USA"]
[SourceTitle "CB10_2024"]
[SourceDate "2024.03.06"]
[SourceVersion "1"]
[SourceVersionDate "2024.03.06"]
[SourceQuality "1"]

1. Nf3 d5 2. e3 e6 3. c4 Nf6 4. b3 Bd6 5. Bb2 0-0 6. Qc2 Nbd7 7. Nc3 c6 8. g4 Nxg4 9. Rg1 f5 10. Be2 Nxh2 11. Rxg7+ Kxg7 12. Ne4+ e5 13. Nxd6 Nxf3+ 14. Bxf3 Qf6 15. Nxc8 Raxc8 16. 0-0-0 Kf7 17. Bh5+ Ke7 18. Ba3+ Kd8 19. Bxf8 Nxf8 20. Kb1 Ne6 21. Rg1 Kc7 22. Be2 Kb8 23. d3 d4 24. Qc1 e4 25. dxe4 fxe4 26. Bg4 Rd8 27. Bxe6 Qxe6 28. exd4 Rxd4 29. Qf4+ Qd6 30. Rg8+ Kc7 31. Rg7+ Kb6 32. Qxd6 Rxd6 33. Rxh7 Rd2 34. Re7 Re2 35. Kc1 Kc5 36. Rxb7 a5 37. Re7 Kd4 38. Kd1 Rxf2 39. Rd7+ Ke3 40. Ke1 Rxa2 41. Kf1 Rf2+ 42. Kg1 Rb2 43. Kf1 Rxb3 44. c5 Rc3 45. Ra7 Rxc5 46. Ra6 Kd3 47. Kf2 Rc2+ 48. Kg3 e3 0-1

[Event "Titled Tuesday intern op 27th Feb Late"]
[Site "Chess.com INT"]
[Date "2024.02.27"]
[Round "5"]
[White "Jiganchine, Roman"]
[Black "Morales Garcia, Sergio Joshafatt"]
[Result "0-1"]
[WhiteElo "2205"]
[BlackElo "2249"]
[PlyCount "136"]
[EventDate "2024.02.27"]
[EventType "swiss (blitz)"]
[EventRounds "11"]
[EventCountry "USA"]
[SourceTitle "CB10_2024"]
[SourceDate "2024.03.06"]
[SourceVersion "1"]
[SourceVersionDate "2024.03.06"]
[SourceQuality "1"]

1. e4 c5 2. Nf3 e6 3. c3 Nf6 4. e5 Nd5 5. d4 cxd4 6. Bc4 d6 7. cxd4 Nc6 8. 0-0 Be7 9. Nbd2 dxe5 10. dxe5 Nb6 11. Bb3 Nd4 12. Nxd4 Qxd4 13. Qe2 0-0 14. Nf3 Qg4 15. h3 Qh5 16. Rd1 Bd7 17. Bf4 Bc6 18. Rac1 Rfd8 19. Nd4 Qxe2 20. Nxe2 Nd5 21. Bd2 Be8 22. a3 Rac8 23. Nc3 Nb6 24. Be3 Bc6 25. a4 Nd7 26. Bxa7 Nxe5 27. Bb6 Rxd1+ 28. Rxd1 h6 29. Rd2 Bb4 30. Re2 Nd3 31. Re3 Nxb2 32. Nb5 Bxb5 33. axb5 Bd6 34. g3 Nc4 35. Bxc4 Rxc4 36. Rd3 Bc5 37. Rd8+ Kh7 38. Rc8 Bxf2+ 39. Kxf2 Rxc8 40. Bd4 Rc4 41. Be3 Rb4 42. b6 Kg6 43. g4 Kf6 44. Kf3 Ke5 45. Bf2 Rb3+ 46. Kg2 Ke4 47. Bg3 Rxb6 48. Bf2 Rb2 49. h4 f5 50. g5 hxg5 51. hxg5 f4 52. g6 Kf5 53. Kf3 Rb3+ 54. Kg2 Kg4 55. Bd4 Rd3 56. Bxg7 Rd2+ 57. Kf1 Kf5 58. Bh6 Kxg6 59. Bxf4 Rc2 60. Be5 Kf5 61. Bd4 e5 62. Be3 e4 63. Ke1 Kg4 64. Bf2 Ra2 65. Bd4 Kf3 66. Kf1 e3 67. Bc3 Rh2 68. Be5 Rh1# 0-1

[Event "Titled Tuesday intern op 13th Feb Early"]
[Site "Chess.com INT"]
[Date "2024.02.13"]
[Round "10"]
[White "Jiganchine, Roman"]
[Black "Kunal, M."]
[Result "0-1"]
[WhiteElo "2205"]
[BlackElo "2250"]
[PlyCount "80"]
[EventDate "2024.02.13"]
[EventType "swiss (blitz)"]
[EventRounds "11"]
[EventCountry "USA"]
[SourceTitle "CB08_2024"]
[SourceDate "2024.02.21"]
[SourceVersion "1"]
[SourceVersionDate "2024.02.21"]
[SourceQuality "1"]

1. e4 c6 2. d4 d5 3. exd5 cxd5 4. Nf3 Nc6 5. c4 Nf6 6. Nc3 Be6 7. c5 Bg4 8. Bb5 e6 9. Qa4 Bxf3 10. Bxc6+ bxc6 11. Qxc6+ Nd7 12. gxf3 Be7 13. Bf4 0-0 14. 0-0 Bf6 15. Rad1 a6 16. Rfe1 h6 17. Na4 Bg5 18. Bg3 h5 19. Nb6 Ra7 20. Nxd7 Rxd7 21. Qxa6 h4 22. Bd6 Be7 23. Bxe7 Qxe7 24. Kh1 h3 25. Rg1 Ra7 26. Qd3 Rxa2 27. Rg3 Rxb2 28. Rxh3 g6 29. Kg2 Ra8 30. Rg3 Raa2 31. Rf1 Qf6 32. Qe3 Re2 33. Qb3 Qxd4 34. Qb8+ Kg7 35. Kh3 Rxf2 36. Rxf2 Qxf2 37. Qe5+ Kh7 38. Qf6 Qxh2+ 39. Kg4 Ra4+ 40. f4 Qh5# 0-1

[Event "Titled Tuesday intern op 13th Feb Early"]
[Site "Chess.com INT"]
[Date "2024.02.13"]
[Round "1"]
[White "Jiganchine, Roman"]
[Black "Timerkhanov, Alexander"]
[Result "0-1"]
[WhiteElo "2205"]
[BlackElo "2308"]
[PlyCount "92"]
[EventDate "2024.02.13"]
[EventType "swiss (blitz)"]
[EventRounds "11"]
[EventCountry "USA"]
[SourceTitle "CB08_2024"]
[SourceDate "2024.02.21"]
[SourceVersion "1"]
[SourceVersionDate "2024.02.21"]
[SourceQuality "1"]

1. Nf3 d5 2. e3 Nf6 3. c4 c6 4. b3 g6 5. Bb2 Bg7 6. Be2 0-0 7. 0-0 a5 8. Nc3 Ne4 9. Rc1 Bg4 10. Qc2 Nxc3 11. Bxc3 Bxc3 12. Qxc3 Bxf3 13. Bxf3 e6 14. g3 Nd7 15. d4 Qf6 16. Bg2 Qe7 17. c5 f5 18. h4 e5 19. a3 f4 20. dxe5 fxg3 21. fxg3 Nxe5 22. Qd4 Rxf1+ 23. Rxf1 Rf8 24. Rf4 Nd7 25. Rxf8+ Qxf8 26. b4 axb4 27. axb4 Qf6 28. Qxf6 Nxf6 29. Bf3 Kf7 30. Kf2 Ke6 31. Ke2 h5 32. Kd3 Ke5 33. Bg2 Ng4 34. Bf3 Nf2+ 35. Ke2 Ne4 36. g4 hxg4 37. Bxg4 Ng3+ 38. Kf3 Nf5 39. Bxf5 Kxf5 40. Kg3 Ke4 41. Kg4 Kxe3 42. Kg5 d4 43. Kxg6 d3 44. h5 d2 45. h6 d1Q 46. h7 Qa1 0-1

[Event "Titled Tuesday intern op 13th Feb Early"]
[Site "Chess.com INT"]
[Date "2024.02.13"]
[Round "2"]
[White "Novoselov, Roman"]
[Black "Jiganchine, Roman"]
[Result "1-0"]
[WhiteElo "2279"]
[BlackElo "2205"]
[PlyCount "67"]
[EventDate "2024.02.13"]
[EventType "swiss (blitz)"]
[EventRounds "11"]
[EventCountry "USA"]
[SourceTitle "CB08_2024"]
[SourceDate "2024.02.21"]
[SourceVersion "1"]
[SourceVersionDate "2024.02.21"]
[SourceQuality "1"]

1. d4 d5 2. Bf4 Nf6 3. Nf3 c5 4. c3 e6 5. e3 Bd6 6. Ne5 Qc7 7. Nd2 Nbd7 8. Ndf3 0-0 9. Bd3 Ne4 10. Qc2 f5 11. Nxd7 Bxd7 12. Bxe4 fxe4 13. Bxd6 Qxd6 14. Ne5 Rf5 15. 0-0-0 Raf8 16. f4 exf3 17. gxf3 Be8 18. f4 Qa6 19. a3 Ba4 20. b3 Be8 21. Kb2 Bg6 22. Nxg6 hxg6 23. Rhg1 c4 24. b4 R8f6 25. Rg2 Rh5 26. Rdg1 Rh3 27. Rxg6 Rxg6 28. Qxg6 Rxh2+ 29. Kb1 Kf8 30. Qxg7+ Ke8 31. Qf6 Qxa3 32. Qxe6+ Kd8 33. Rg8+ Kc7 34. Rc8# 1-0

[Event "Titled Tuesday intern op 06th Feb Late"]
[Site "Chess.com INT"]
[Date "2024.02.06"]
[Round "7"]
[White "Eilenberg, Jonas"]
[Black "Jiganchine, Roman"]
[Result "1-0"]
[WhiteElo "2299"]
[BlackElo "2205"]
[PlyCount "43"]
[EventDate "2024.02.06"]
[EventType "swiss (blitz)"]
[EventRounds "11"]
[EventCountry "USA"]
[SourceTitle "CB07_2024"]
[SourceDate "2024.02.14"]
[SourceVersion "1"]
[SourceVersionDate "2024.02.14"]
[SourceQuality "1"]

1. d4 d5 2. Nf3 Nf6 3. c3 c5 4. dxc5 e6 5. b4 b6 6. cxb6 Qxb6 7. e3 Bd6 8. Bb2 0-0 9. Nbd2 e5 10. a3 Bb7 11. c4 d4 12. c5 Bxc5 13. Nc4 Bxb4+ 14. axb4 Qxb4+ 15. Qd2 Qe7 16. Nfxe5 dxe3 17. Qxe3 Nd5 18. Qa3 Nb4 19. 0-0-0 N8c6 20. Qg3 f6 21. Rd7 Na2+ 22. Kb1 1-0

[Event "Titled Tuesday intern op 06th Feb Late"]
[Site "Chess.com INT"]
[Date "2024.02.06"]
[Round "1"]
[White "Fecker, Noah"]
[Black "Jiganchine, Roman"]
[Result "0-1"]
[WhiteElo "2389"]
[BlackElo "2205"]
[PlyCount "72"]
[EventDate "2024.02.06"]
[EventType "swiss (blitz)"]
[EventRounds "11"]
[EventCountry "USA"]
[SourceTitle "CB07_2024"]
[SourceDate "2024.02.14"]
[SourceVersion "1"]
[SourceVersionDate "2024.02.14"]
[SourceQuality "1"]

1. d4 Nf6 2. Nc3 c5 3. dxc5 e6 4. e4 Bxc5 5. Bd3 d6 6. Nf3 Nc6 7. 0-0 h6 8. a3 a6 9. Qe2 0-0 10. Be3 Bxe3 11. Qxe3 Bd7 12. Rad1 Qe7 13. Bc4 Ne5 14. Nxe5 dxe5 15. Qb6 Bc6 16. f3 Rfd8 17. Bb3 Nd7 18. Qe3 Qc5 19. Kf2 Qxe3+ 20. Kxe3 Nc5 21. Bc4 Kf8 22. b4 Na4 23. Ne2 Nb2 24. Rxd8+ Rxd8 25. Bb3 Bb5 26. Rb1 Nd1+ 27. Rxd1 Rxd1 28. Nc3 Rg1 29. a4 Bd7 30. Kf2 Rh1 31. h3 h5 32. Ne2 Ra1 33. Nc3 h4 34. Ke3 g5 35. Ke2 Ke7 36. Nd1 Bxa4 0-1

[Event "Titled Tuesday intern op 06th Feb Late"]
[Site "Chess.com INT"]
[Date "2024.02.06"]
[Round "9"]
[White "Jiganchine, Roman"]
[Black "Melikhov, Evgeny V"]
[Result "1-0"]
[WhiteElo "2205"]
[BlackElo "2172"]
[PlyCount "55"]
[EventDate "2024.02.06"]
[EventType "swiss (blitz)"]
[EventRounds "11"]
[EventCountry "USA"]
[SourceTitle "CB07_2024"]
[SourceDate "2024.02.14"]
[SourceVersion "1"]
[SourceVersionDate "2024.02.14"]
[SourceQuality "1"]

1. a3 e5 2. e4 Nc6 3. Nf3 Nf6 4. Nc3 Be7 5. Bb5 d6 6. h3 Bd7 7. 0-0 a6 8. Bxc6 Bxc6 9. d3 0-0 10. Ne2 b5 11. Kh1 Bb7 12. Nh2 d5 13. f3 c5 14. Ng3 Re8 15. Nf5 Bf8 16. Qe1 Nh5 17. a4 c4 18. axb5 axb5 19. Rxa8 Bxa8 20. Bd2 h6 21. Ba5 Qf6 22. Ng4 Qg5 23. Bd2 Qd8 24. Ba5 Qd7 25. Qh4 Nf4 26. Nfxh6+ Kh7 27. Nxf7+ Kg6 28. Nfxe5+ 1-0

[Event "Titled Tuesday intern op 01st Aug Early"]
[Site "Chess.com INT"]
[Date "2023.08.01"]
[Round "5"]
[White "Hajiyev, Kanan"]
[Black "Jiganchine, Roman"]
[Result "1-0"]
[WhiteElo "2109"]
[BlackElo "2205"]
[PlyCount "39"]
[EventDate "2023.08.01"]
[EventType "swiss (blitz)"]
[EventRounds "11"]
[EventCountry "USA"]
[SourceTitle "EXT 2024"]
[Source "ChessBase"]
[SourceDate "2023.10.10"]
[SourceVersion "1"]
[SourceVersionDate "2023.10.10"]
[SourceQuality "1"]

1. d4 d5 2. Nf3 Bf5 3. c4 c6 4. cxd5 cxd5 5. Nc3 e6 6. Qb3 Qb6 7. Qxb6 axb6 8. Bf4 Ne7 9. Nb5 Na6 10. e3 Nc6 11. a3 Be7 12. Be2 0-0 13. 0-0 f6 14. Bd6 Rfe8 15. Bxe7 Rxe7 16. b4 Bc2 17. Rfc1 Ba4 18. Nc3 b5 19. Nxa4 bxa4 20. b5 1-0

[Event "Titled Tuesday intern op 01st Aug Early"]
[Site "Chess.com INT"]
[Date "2023.08.01"]
[Round "6"]
[White "Jiganchine, Roman"]
[Black "Srivatsan, Karthikeyan"]
[Result "0-1"]
[WhiteElo "2205"]
[BlackElo "1813"]
[PlyCount "90"]
[EventDate "2023.08.01"]
[EventType "swiss (blitz)"]
[EventRounds "11"]
[EventCountry "USA"]
[SourceTitle "EXT 2024"]
[Source "ChessBase"]
[SourceDate "2023.10.10"]
[SourceVersion "1"]
[SourceVersionDate "2023.10.10"]
[SourceQuality "1"]

1. e4 e5 2. Nf3 Nc6 3. Nc3 Nf6 4. Bb5 Bb4 5. 0-0 0-0 6. Bxc6 dxc6 7. d3 Bxc3 8. bxc3 Bg4 9. h3 Bh5 10. Kh2 Re8 11. g4 Bg6 12. Bg5 h6 13. Bh4 Qd6 14. Bg3 Rad8 15. Qe2 c5 16. c4 a6 17. a4 c6 18. a5 Nd7 19. Nh4 Bh7 20. Qe3 g5 21. Nf5 Bxf5 22. gxf5 Qd4 23. Qe2 f6 24. Rab1 Rb8 25. Qh5 Kg7 26. Qg6+ Kf8 27. Qxh6+ Ke7 28. Qh5 Qc3 29. Qe2 Qxa5 30. Ra1 Qc7 31. Rfb1 a5 32. Kg2 b5 33. Qd2 b4 34. Ra4 Nb6 35. Raa1 a4 36. Qe2 Ra8 37. Qe3 Qd6 38. h4 gxh4 39. Bxh4 Rg8+ 40. Kf1 Rh8 41. Bg3 a3 42. Ke2 Na4 43. Rh1 Nc3+ 44. Kd2 a2 45. Rh6 Qd4 0-1

[Event "Titled Tuesday intern op 20th Jun Early"]
[Site "Chess.com INT"]
[Date "2023.06.20"]
[Round "8"]
[White "Jiganchine, Roman"]
[Black "Papayan, Oleg"]
[Result "1-0"]
[WhiteElo "2205"]
[BlackElo "2253"]
[PlyCount "75"]
[EventDate "2023.06.20"]
[EventType "swiss (blitz)"]
[EventRounds "11"]
[EventCountry "USA"]
[SourceTitle "EXT 2024"]
[Source "ChessBase"]
[SourceDate "2023.10.10"]
[SourceVersion "1"]
[SourceVersionDate "2023.10.10"]
[SourceQuality "1"]

1. e4 e5 2. Nf3 Nc6 3. Nc3 Nf6 4. Bb5 Nd4 5. 0-0 Nxb5 6. Nxb5 c6 7. Nc3 d6 8. d4 Qc7 9. h3 Be7 10. Bg5 0-0 11. a4 a5 12. Qd3 b6 13. Rfd1 Ba6 14. Qd2 Rfe8 15. Bxf6 Bxf6 16. d5 c5 17. Ne2 g6 18. Ng3 Bg7 19. h4 Rf8 20. h5 f5 21. h6 Bh8 22. exf5 e4 23. Ng5 Bxb2 24. fxg6 Bxa1 25. gxh7+ Kh8 26. Rxa1 Qe7 27. Re1 e3 28. Qc3+ Qf6 29. Qxe3 Qxh6 30. Nh5 Qg6 31. Qc3+ Rf6 32. Qxf6+ Qxf6 33. Nxf6 Rf8 34. Re6 Bc8 35. Rxd6 Kg7 36. Rxb6 Bf5 37. g4 Bxc2 38. Nd7 1-0

[Event "Titled Tuesday intern op 20th Jun Early"]
[Site "Chess.com INT"]
[Date "2023.06.20"]
[Round "7"]
[White "Jiganchine, Roman"]
[Black "Stojanovski, Sandi"]
[Result "1-0"]
[WhiteElo "2205"]
[BlackElo "2179"]
[PlyCount "107"]
[EventDate "2023.06.20"]
[EventType "swiss (blitz)"]
[EventRounds "11"]
[EventCountry "USA"]
[SourceTitle "EXT 2024"]
[Source "ChessBase"]
[SourceDate "2023.10.10"]
[SourceVersion "1"]
[SourceVersionDate "2023.10.10"]
[SourceQuality "1"]

1. e4 e6 2. d4 c5 3. c3 Nf6 4. Bd3 Nc6 5. Nf3 d5 6. Nbd2 cxd4 7. cxd4 dxe4 8. Nxe4 Nxe4 9. Bxe4 Bb4+ 10. Bd2 Bxd2+ 11. Qxd2 0-0 12. 0-0 Qf6 13. Bxc6 bxc6 14. Rac1 Ba6 15. Rfe1 Rfc8 16. Rc5 Rab8 17. b3 Rd8 18. h3 Rd6 19. Qe3 Rbd8 20. Rec1 Bb7 21. Qe5 Qxe5 22. dxe5 Rd5 23. g4 h6 24. Kh2 g5 25. Kg3 Kg7 26. h4 Kg6 27. h5+ Kg7 28. Nh2 Rd3+ 29. Kg2 R8d5 30. Nf1 R5d4 31. Ne3 Rf4 32. R1c3 Rd2 33. Rc2 Rfxf2+ 34. Kg3 Rfe2 35. Rxd2 Rxd2 36. Nc4 Rxa2 37. Nd6 Ba6 38. Rxc6 Ra3 39. Rc7 Rxb3+ 40. Kg2 Be2 41. Rxf7+ Kg8 42. Rf6 Bxg4 43. Rxh6 a5 44. Rg6+ Kf8 45. Rxg5 Be2 46. h6 Bd3 47. Rg7 a4 48. Ra7 a3 49. Kg3 a2 50. Kf4 Rb4+ 51. Kg5 Bb1 52. Kf6 Rf4+ 53. Kxe6 Rf1 54. h7 1-0

[Event "Titled Tuesday intern op 20th Jun Early"]
[Site "Chess.com INT"]
[Date "2023.06.20"]
[Round "9"]
[White "Shuvalov, Evgenij"]
[Black "Jiganchine, Roman"]
[Result "1-0"]
[WhiteElo "2038"]
[BlackElo "2205"]
[PlyCount "71"]
[EventDate "2023.06.20"]
[EventType "swiss (blitz)"]
[EventRounds "11"]
[EventCountry "USA"]
[SourceTitle "EXT 2024"]
[Source "ChessBase"]
[SourceDate "2023.10.10"]
[SourceVersion "1"]
[SourceVersionDate "2023.10.10"]
[SourceQuality "1"]

1. d4 d5 2. c4 e6 3. Nc3 Nf6 4. cxd5 exd5 5. Bg5 c6 6. e3 Bf5 7. Qf3 Be6 8. Bxf6 Qxf6 9. Qxf6 gxf6 10. Bd3 a5 11. Nf3 a4 12. a3 Nd7 13. Nh4 b5 14. Ne2 Nb6 15. Nf5 Nc4 16. Bxc4 bxc4 17. Neg3 Rb8 18. 0-0-0 c3 19. bxc3 Bxa3+ 20. Kc2 Rb2+ 21. Kd3 Rxf2 22. Rhf1 Rxg2 23. Ra1 Bb2 24. Rxa4 0-0 25. Nh5 Kh8 26. h4 Bc1 27. c4 dxc4+ 28. Rxc4 Rd2+ 29. Kc3 Bxc4 30. Kxc4 Rc2+ 31. Kd3 Rd2+ 32. Kc3 Rg2 33. Rxc1 Rg4 34. Kd3 Re8 35. Rxc6 Rf8 36. Nxf6 1-0

[Event "Titled Tuesday intern op 13th Jun Early"]
[Site "Chess.com INT"]
[Date "2023.06.13"]
[Round "10"]
[White "Jiganchine, Roman"]
[Black "Tokman, Ariel"]
[Result "1-0"]
[WhiteElo "2205"]
[BlackElo "2306"]
[PlyCount "65"]
[EventDate "2023.06.13"]
[EventType "swiss (blitz)"]
[EventRounds "11"]
[EventCountry "USA"]
[SourceTitle "EXT 2024"]
[Source "ChessBase"]
[SourceDate "2023.10.10"]
[SourceVersion "1"]
[SourceVersionDate "2023.10.10"]
[SourceQuality "1"]

1. e4 c5 2. Nf3 e6 3. g3 Nf6 4. d3 d5 5. e5 Nfd7 6. h4 Nc6 7. Bf4 Be7 8. Bg2 Qc7 9. Qe2 b5 10. 0-0 Bb7 11. c4 bxc4 12. dxc4 dxc4 13. Nbd2 0-0 14. Nxc4 Nb6 15. Nd6 Nd5 16. Nxb7 Nxf4 17. gxf4 Qxb7 18. Ng5 g6 19. Qf3 Rac8 20. h5 Qb4 21. Ne4 Nd4 22. Qh3 Ne2+ 23. Kh1 Nxf4 24. Qg4 Nxg2 25. Kxg2 g5 26. h6 Kh8 27. Rad1 Rg8 28. Rd7 Rce8 29. Qf3 g4 30. Qf4 Rg6 31. Rfd1 Kg8 32. b3 a5 33. Rxe7 1-0

[Event "Titled Tuesday intern op 06th Jun Early"]
[Site "Chess.com INT"]
[Date "2023.06.06"]
[Round "11"]
[White "Levitan, Caleb Levi"]
[Black "Jiganchine, Roman"]
[Result "0-1"]
[WhiteElo "2129"]
[BlackElo "2205"]
[PlyCount "130"]
[EventDate "2023.06.06"]
[EventType "swiss (blitz)"]
[EventRounds "11"]
[EventCountry "USA"]
[SourceTitle "EXT 2024"]
[Source "ChessBase"]
[SourceDate "2023.10.10"]
[SourceVersion "1"]
[SourceVersionDate "2023.10.10"]
[SourceQuality "1"]

1. e4 c6 2. d4 d5 3. exd5 cxd5 4. Bd3 Nc6 5. c3 Nf6 6. Bf4 Bg4 7. Qb3 Qc8 8. Nd2 e6 9. Ngf3 Be7 10. 0-0 0-0 11. Ne5 Nxe5 12. Bxe5 Bh5 13. Rfe1 Bg6 14. Bxg6 hxg6 15. Nf3 a6 16. a4 Qc6 17. Nd2 b5 18. axb5 Qxb5 19. Qxb5 axb5 20. Bxf6 gxf6 21. Kf1 Rfc8 22. Ke2 b4 23. Kd3 f5 24. c4 dxc4+ 25. Nxc4 Bf6 26. f4 g5 27. g3 g4 28. Rec1 Kg7 29. Ne5 Rxa1 30. Rxa1 b3 31. Ra3 Rc2 32. Rxb3 Rxh2 33. Rb7 Bxe5 34. dxe5 Rg2 35. b4 Rxg3+ 36. Ke2 Rb3 37. b5 Rb4 38. b6 Rxf4 39. Rc7 Re4+ 40. Kf2 Rxe5 41. b7 Rb5 42. Kg3 Rb4 43. Kh4 Kf6 44. Kg3 Rb3+ 45. Kf2 f4 46. Kg2 e5 47. Kf2 Rb2+ 48. Kf1 g3 49. Kg1 f3 50. Rc6+ Kf5 51. Rc1 Rxb7 52. Rf1 e4 53. Re1 f6 54. Rd1 Kf4 55. Rc1 Rb4 56. Rd1 e3 57. Rc1 e2 58. Kh1 Re4 59. Re1 Ke3 60. Kg1 f2+ 61. Kg2 fxe1Q 62. Kh3 Qh1+ 63. Kxg3 Qf3+ 64. Kh2 Rh4+ 65. Kg1 Rh1# 0-1

[Event "Titled Tuesday intern op 06th Jun Early"]
[Site "Chess.com INT"]
[Date "2023.06.06"]
[Round "5"]
[White "Srdanovic, Jovana"]
[Black "Jiganchine, Roman"]
[Result "1/2-1/2"]
[WhiteElo "2047"]
[BlackElo "2205"]
[PlyCount "90"]
[EventDate "2023.06.06"]
[EventType "swiss (blitz)"]
[EventRounds "11"]
[EventCountry "USA"]
[SourceTitle "EXT 2024"]
[Source "ChessBase"]
[SourceDate "2023.10.10"]
[SourceVersion "1"]
[SourceVersionDate "2023.10.10"]
[SourceQuality "1"]

1. d4 d5 2. c4 e6 3. Nc3 Nf6 4. Bg5 Be7 5. e3 h6 6. Bh4 dxc4 7. Bxc4 0-0 8. Nf3 c5 9. 0-0 a6 10. Rc1 b5 11. Be2 Nbd7 12. Ne5 Bb7 13. Bf3 Bxf3 14. Qxf3 cxd4 15. Nc6 Qe8 16. Nxe7+ Qxe7 17. exd4 Qd6 18. Rfd1 Rac8 19. Bg3 Qb4 20. Qe2 Nb6 21. a3 Qc4 22. Qf3 Qb3 23. Qe2 Nbd5 24. Rd3 b4 25. axb4 Qxb4 26. h3 a5 27. Be5 a4 28. Ra1 Nxc3 29. bxc3 Qb5 30. Re3 Qxe2 31. Rxe2 Nd5 32. Rc2 Nxc3 33. Kh2 Nd5 34. Rxc8 Rxc8 35. Rxa4 f6 36. Bd6 h5 37. Bc5 Kf7 38. h4 Kg6 39. Ra7 Rb8 40. Kg3 Nc3 41. f3 Nd5 42. Kf2 Rb2+ 43. Kg3 Rb8 44. Kf2 Rb2+ 45. Kg3 Rb8 1/2-1/2